LEADER 03468nam 22006135 450 001 9910257425703321 005 20200629160252.0 010 $a3-540-45924-3 024 7 $a10.1007/3-540-50108-8 035 $a(CKB)1000000000233305 035 $a(SSID)ssj0000321468 035 $a(PQKBManifestationID)12097327 035 $a(PQKBTitleCode)TC0000321468 035 $a(PQKBWorkID)10262659 035 $a(PQKB)10182916 035 $a(DE-He213)978-3-540-45924-8 035 $a(PPN)155163477 035 $a(EXLCZ)991000000000233305 100 $a20100729d1988 u| 0 101 0 $aeng 135 $aurnn|008mamaa 181 $ctxt 182 $cc 183 $acr 200 10$aAtmospheric Aerosols and Nucleation$b[electronic resource] $eProceedings of the Twelfth International Conference on Atmospheric Aerosols and Nucleation, Held at the University of Vienna, Austria, August 22?27, 1988 /$fedited by Paul E. Wagner, Gabor Vali 205 $a1st ed. 1988. 210 1$aBerlin, Heidelberg :$cSpringer Berlin Heidelberg :$cImprint: Springer,$d1988. 215 $a1 online resource (XVIII, 732 p.) 225 1 $aLecture Notes in Physics,$x0075-8450 ;$v309 300 $aBibliographic Level Mode of Issuance: Monograph 311 $a3-540-50108-8 327 $aContents: Formation and Characteristics of Atmospheric Aerosols: Particle Formation and Gas - Particle - Reactions. Measurements and Characterization of Atmospheric Aerosols. Dynamics of Ultrafine Aerosol Particles, Coagulation. Fractal Properties, Aerosol Characterization. Physico-chemical Properties of Aerosol Particles. Aerosol Measurement Techniques. Background Aerosols. Marine Aerosols -- Fundamental Nucleation Processes -- Cloud Droplet Nucleation -- Ice Nucleation -- Author Index. 330 $aThese proceedings give a rather complete overview of the most recent research in the areas of fundamental processes and phase transitions, cloud droplet and ice nucleation in the atmosphere, and aerosol formation and aerosol characteristics in the atmosphere. Nine review papers on topics of special importance are supplemented by about 200 summaries on topics of greatest current importance. The volume should be of interest to scientists working in the atmospheric and environmental sciences, in chemistry and in physics, as well as to engineers working in these areas. 410 0$aLecture Notes in Physics,$x0075-8450 ;$v309 606 $aGeophysics 606 $aCondensed matter 606 $aAir pollution 606 $aGeophysics/Geodesy$3https://scigraph.springernature.com/ontologies/product-market-codes/G18009 606 $aCondensed Matter Physics$3https://scigraph.springernature.com/ontologies/product-market-codes/P25005 606 $aAtmospheric Protection/Air Quality Control/Air Pollution$3https://scigraph.springernature.com/ontologies/product-market-codes/U35010 615 0$aGeophysics. 615 0$aCondensed matter. 615 0$aAir pollution. 615 14$aGeophysics/Geodesy. 615 24$aCondensed Matter Physics. 615 24$aAtmospheric Protection/Air Quality Control/Air Pollution. 676 $a550 676 $a526.1 702 $aWagner$b Paul E$4edt$4http://id.loc.gov/vocabulary/relators/edt 702 $aVali$b Gabor$4edt$4http://id.loc.gov/vocabulary/relators/edt 906 $aBOOK 912 $a9910257425703321 996 $aAtmospheric Aerosols and Nucleation$92522027 997 $aUNINA LEADER 01274nam a2200337 i 4500 001 991001112049707536 005 20020507111433.0 008 970308s1974 us ||| | eng 020 $a0801407664 035 $ab10175337-39ule_inst 035 $aLE00642353$9ExL 040 $aDip.to Fisica$bita 084 $a53.1.34 084 $a510.35 084 $a531'.1133'0151535 084 $aQA927.L4 100 1 $aLeibovich, Sidney$048738 245 10$aNonlinear waves /$cedited by Sidney Leibovich and A. Richard Seebass 260 $aIthaca :$bCornell University Press,$cc1974 300 $axii, 331 p. :$bill. ;$c23 cm. 500 $aBased on lectures given in 1969 at a series seminars held at Cornell University. 500 $aBibliography : p. 311-321. 650 4$aDifferential equations, hyperbolic 700 1 $aSeebass, A. Richard 907 $a.b10175337$b21-09-06$c27-06-02 912 $a991001112049707536 945 $aLE006 53.1.3 LEI$g1$i2006000040808$lle006$o-$pE0.00$q-$rl$s- $t0$u0$v0$w0$x0$y.i10214768$z27-06-02 945 $aLE006 53.1.3 LEI$g2$i2006000040815$lle006$o-$pE0.00$q-$rl$s- $t0$u0$v0$w0$x0$y.i1021477x$z27-06-02 996 $aNonlinear waves$9189468 997 $aUNISALENTO 998 $ale006$b01-01-97$cm$da $e-$feng$gus $h0$i2 LEADER 01800nas 2200601- 450 001 9910439052603321 005 20241221111003.0 011 $a2632-7376 035 $a(DE-599)ZDB3040464-2 035 $a(OCoLC)1198599095 035 $a(CKB)4100000009920002 035 $a(CONSER)--2021221018 035 $a(MiFhGG)61W8 035 $a(EXLCZ)994100000009920002 100 $a20190521a20209999 --- a 101 0 $aeng 135 $aur||||||||||| 181 $2rdacontent 182 $2rdamedia 183 $2rdacarrier 200 00$aCerebral cortex communications 210 1$aCary, NC :$cOxford University Press 215 $a1 online resource$cillustrations (colour) 300 $aRefereed/Peer-reviewed 606 $aNeurosciences$vPeriodicals 606 $aNeurobiology$vPeriodicals 606 $aBiological psychiatry$vPeriodicals 606 $aCerebral cortex$vPeriodicals 606 $aBrain$vPeriodicals 606 $aCerebral Cortex 606 $aNeurosciences$2fast$3(OCoLC)fst01036509 606 $aNeurobiology$2fast$3(OCoLC)fst01036315 606 $aBiological psychiatry$2fast$3(OCoLC)fst00832308 606 $aBrain$2fast$3(OCoLC)fst00837570 606 $aCerebral cortex$2fast$3(OCoLC)fst00851274 608 $aPeriodicals.$2fast 608 $aPeriodicals.$2lcgft 615 0$aNeurosciences 615 0$aNeurobiology 615 0$aBiological psychiatry 615 0$aCerebral cortex 615 0$aBrain 615 12$aCerebral Cortex. 615 7$aNeurosciences. 615 7$aNeurobiology. 615 7$aBiological psychiatry. 615 7$aBrain. 615 7$aCerebral cortex. 676 $a612.825 906 $aJOURNAL 912 $a9910439052603321 996 $aCerebral Cortex Communications$92564465 997 $aUNINA